Chemical principles / (Record no. 232527)

000 -LEADER
fixed length control field 01846cam a2200313 a 4500
001 - CONTROL NUMBER
control field 14808997
003 - CONTROL NUMBER IDENTIFIER
control field ASAB
005 - DATE AND TIME OF LATEST TRANSACTION
control field 20170220151806.0
008 - FIXED-LENGTH DATA ELEMENTS--GENERAL INFORMATION
fixed length control field 070416s2009 maua 001 0 eng
010 ## - LIBRARY OF CONGRESS CONTROL NUMBER
LC control number 2007926986
020 ## - INTERNATIONAL STANDARD BOOK NUMBER
International Standard Book Number 9780618946907
020 ## - INTERNATIONAL STANDARD BOOK NUMBER
International Standard Book Number 061894690X
040 ## - CATALOGING SOURCE
Original cataloging agency DLC
Transcribing agency ASAB
Modifying agency DLC
042 ## - AUTHENTICATION CODE
Authentication code pcc
050 00 - LIBRARY OF CONGRESS CALL NUMBER
Classification number QD33.2
Item number .Z86 2009
082 ## - DEWEY DECIMAL CLASSIFICATION NUMBER
Classification number 540
100 1# - MAIN ENTRY--PERSONAL NAME
Personal name Zumdahl, Steven S.
245 10 - TITLE STATEMENT
Title Chemical principles /
Statement of responsibility, etc. Steven S. Zumdahl.
250 ## - EDITION STATEMENT
Edition statement 6th ed.
260 ## - PUBLICATION, DISTRIBUTION, ETC.
Place of publication, distribution, etc. Boston :
Name of publisher, distributor, etc. Houghton Mifflin,
Date of publication, distribution, etc. c2009.
300 ## - PHYSICAL DESCRIPTION
Extent xxiv, 1073, 102 p. :
Other physical details col. ill. ;
Dimensions 26 cm.
500 ## - GENERAL NOTE
General note Includes index.
505 0# - FORMATTED CONTENTS NOTE
Formatted contents note Chemists and chemistry -- Atoms, molecules, and ions -- Stoichiometry -- Types of chemical reactions and solution stoichiometry -- Gases -- Chemical equilibrium -- Acids and bases -- Applications of aqueous equilibria -- Energy, enthalpy and thermochemistry -- Spontaneity, entropy and free energy -- Electrochemistry -- Quantum mechanics and atomic theory -- Bonding: general concepts -- Covalent bonding: orbitals -- Chemical kinetics -- Liquids and solids -- Properties of solutions -- The representative elements -- Transition metals and coordination chemistry -- The nucleus: a chemist's view -- Organic and biochemical molecules -- Appendices.
650 #0 - SUBJECT ADDED ENTRY--TOPICAL TERM
Topical term or geographic name entry element Chemistry.
856 42 - ELECTRONIC LOCATION AND ACCESS
Materials specified Publisher description
Uniform Resource Identifier <a href="http://www.loc.gov/catdir/enhancements/fy1215/2007926986-d.html">http://www.loc.gov/catdir/enhancements/fy1215/2007926986-d.html</a>
856 41 - ELECTRONIC LOCATION AND ACCESS
Materials specified Table of contents only
Uniform Resource Identifier <a href="http://www.loc.gov/catdir/enhancements/fy1215/2007926986-t.html">http://www.loc.gov/catdir/enhancements/fy1215/2007926986-t.html</a>
856 42 - ELECTRONIC LOCATION AND ACCESS
Materials specified Contributor biographical information
Uniform Resource Identifier <a href="http://www.loc.gov/catdir/enhancements/fy1513/2007926986-b.html">http://www.loc.gov/catdir/enhancements/fy1513/2007926986-b.html</a>
906 ## - LOCAL DATA ELEMENT F, LDF (RLIN)
a 7
b cbc
c origcop
d 3
e epcn
f 20
g y-gencatlg
942 ## - ADDED ENTRY ELEMENTS (KOHA)
Source of classification or shelving scheme
Koha item type Book
Holdings
Withdrawn status Lost status Source of classification or shelving scheme Damaged status Not for loan Collection code Permanent Location Current Location Date acquired Total Checkouts Total Renewals Full call number Barcode Date last seen Date last checked out Price effective from Koha item type
            Central Library (CL) Central Library (CL) 02/20/2017 5 1 540 ZUM ASAB3120 01/08/2025 12/02/2024 02/20/2017 Book
© 2023 Central Library, National University of Sciences and Technology. All Rights Reserved.